Statistics for Every Chicago song that hit the Billboard hot 100

Click here to take the quiz!

General Stats

  • This quiz has been taken 9 times
  • The average score is 11 of 46

Answer Stats

Peak Chart PositionYearSong% Correct
4197025 Or 6 To 4
78%
31972Saturday In The Park
78%
31985You're The Inspiration
67%
91970Make Me Smile
56%
241971Questions 67 And 68/I'm A Man
56%
71971Beginnings/Colour My World
44%
11976If You Leave Me Now
44%
31984Hard Habit To Break
44%
711969Questions 67 And 68
44%
11988Look Away
44%
131975Harry Truman
44%
161984Stay The Night
44%
71971Does Anybody Really Know What Time It Is?
33%
51975Old Days
33%
61974Call On Me
33%
101973Feelin' Stronger Every Day
33%
141985Along Comes A Woman
33%
201971Free
22%
11982Hard To Say I'm Sorry
22%
221982Love Me Tomorrow
22%
241972Dialogue (Part I & II)
22%
321976Another Rainy Day In New York City
22%
351971Lowdown
22%
611975Brand New Love Affair (Part I & II)
22%
171987If She Would Have Been Faithful. . .
22%
911987Niagara Falls
22%
141978Alive Again
22%
41973Just You 'n' Me
22%
111974Wishing You Were Here
22%
491977You Are On My Mind
11%
141979No Tell Lover
11%
41977Baby, What A Big Surprise
11%
51990What Kind Of Man Would I Be?
0%
391991Chasin' The Wind
0%
441978Little One
0%
91974(i've Been) Searchin' So Long
0%
101989You're Not Alone
0%
561980Thunder And Lightning
0%
31988I Don't Wanna Live Without Your Love
0%
631978Take Me Back To Chicago
0%
31987Will You Still Love Me?
0%
731979Gone Long Gone
0%
751990Hearts In Trouble (From "Days Of Thunder")
0%
811983What You're Missing
0%
831979Must Have Been Crazy
0%
551989We Can Last Forever
0%

Score Distribution

Percentile by Number Answered

Percent of People with Each Score

Your Score History

You have not taken this quiz